Canto para un equinoccio (Record no. 10502)

MARC details
000 -LEADER
campo de control de longitud fija 00800nam a2200265 i 4500
001 - NÚMERO DE CONTROL
campo de control 10502
003 - IDENTIFICADOR DE NÚMERO DE CONTROL
campo de control ES-MaACL
005 - FECHA Y HORA DE LA ÚLTIMA TRANSACCIÓN
campo de control 20230906145912.0
007 - CAMPO FIJO DE DESCRIPCIÓN FÍSICA--INFORMACIÓN GENERAL
campo de control de longitud fija t|
008 - DATOS DE LONGITUD FIJA--INFORMACIÓN GENERAL
campo de control de longitud fija 950728s1991 ve ||||1| spa d
020 ## - NÚMERO INTERNACIONAL ESTÁNDAR DEL LIBRO
Número Internacional Estándar del Libro 980-01-0380-5
080 ## - NÚMERO DE LA CLASIFICACIÓN DECIMAL UNIVERSAL
Número de la Clasificación Decimal Universal 84-14"19"
080 ## - NÚMERO DE LA CLASIFICACIÓN DECIMAL UNIVERSAL
Número de la Clasificación Decimal Universal 84(Perse,S.J.7 C.02)
100 1# - ENTRADA PRINCIPAL--NOMBRE DE PERSONA
Nombre de persona Saint-John Perse.
9 (RLIN) 101530
245 10 - MENCIÓN DEL TÍTULO
Título Canto para un equinoccio
Resto del título : antología poética 1911-1948 /
Mención de responsabilidad, etc. Saint John Perse ; selección, traducción y presentación Luis Miguel Isava.
250 ## - MENCION DE EDICION
Mención de edición 1ª ed.
260 ## - PUBLICACIÓN, DISTRIBUCIÓN, ETC.
Lugar de publicación, distribución, etc. Caracas :
Nombre del editor, distribuidor, etc. Monte Avila,
Fecha de publicación, distribución, etc. 1991.
300 ## - DESCRIPCIÓN FÍSICA
Extensión 164 p. ;
Dimensiones 20 cm.
490 1# - MENCIÓN DE SERIE
Mención de serie Altazor
500 ## - NOTA GENERAL
Nota general Edición biblingüe.
700 1# - ENTRADA AGREGADA--NOMBRE PERSONAL
Nombre de persona Isava, Luis Miguel.
9 (RLIN) 65545
830 0# - PUNTO DE ACCESO ADICIONAL DE SERIE-TÍTULO UNIFORME
Título uniforme Altazor
9 (RLIN) 181738
852 ## - LOCALIZACIÓN
Ubicación ES-MaACL
Número de control de estantería L-17929
Sublocalización o colección R.123179
Holdings
Estatus retirado Estado de pérdida Estado de daño No para préstamo Biblioteca de origen Biblioteca actual Ubicación en estantería Fecha de adquisición Fuente de adquisición Total de préstamos Signatura topográfica completa Código de barras Visto por última vez Precio de reemplazo Tipo de ítem Koha
        Biblioteca del Ateneo de Madrid Biblioteca del Ateneo de Madrid Depósito 2 17/01/2008     L-17929 1010712 23/02/2023 23/02/2023 Libro impreso